Chargement en cours...

Approximation theory II/

Détails bibliographiques
Auteur principal: Lorentz, G.G
Format: Printed Book
Langue:English
Publié: Academic press, 1976.
LEADER 00388nam a2200109Ia 4500
008 120707s9999 xx 000 0 eng d
100 |a Lorentz, G.G 
245 0 |a Approximation theory II/ 
260 |b Academic press,  |c 1976. 
942 |c BK 
999 |c 130633  |d 130633 
952 |0 0  |1 0  |4 0  |6 41_000000000000000_LOR  |7 0  |9 144354  |a MAT  |b MAT  |c ST1  |d 2012-07-10  |i 299  |l 1  |o 41 LOR  |p MAT299  |r 2013-09-02  |s 2013-09-02  |w 2013-08-01  |y BK